| 000 | 00566nam a22001937a 4500 | ||
|---|---|---|---|
| 999 |
_c172911 _d172911 |
||
| 005 | 20200214143042.0 | ||
| 008 | 080922t xxu||||| |||| 00| 0 eng d | ||
| 010 | _aENG-127845 | ||
| 020 | _c500.00 | ||
| 035 | _aEN-111377 | ||
| 037 | _bDBAD / PUB | ||
| 040 | _bEnglish | ||
| 082 | _aS | ||
| 245 |
_aSelected stories by Guy De Maup Assant/ _cedited by Shalini S Gupta |
||
| 260 |
_aDelhi _bAmar Sahitya Sadan _c2019 |
||
| 270 |
_aD-74,IInd floor,Gali No.3,Ganga Vihar,Gokul Puri _bDelhi _e110094 |
||
| 300 |
_a160p. _c22cm(hb) |
||
| 942 |
_2ddc _cEN _mSEL _hS |
||